000 01023nam0a22002411 4500
001 rc\1148350
005 20041129084546.5
035 _a(NLR Aleph) 006394039
090 _a5176442
_c5176442
100 _a20041129d1980 u |0rusy50 ca
101 0 _arus
102 _aRU
105 _ay |||||||||
200 1 _aМетодические рекомендации по внедрению стандартов системы стандартов безопасности труда в монтажных (строительных) управлениях (по опыту Главмосстроя)
_fВНИПИ труда в стр-ве
_g[Исполн. Н.Л. Юндев]
210 _aМ.
_cБ. и.
_d1980
215 _a55 с.
_d20
702 1 _aЮндев
_bН. Л.
_4570
712 0 2 _aВсесоюзный н.-и. и проектный ин-т труда в строительстве
_3RU\NLR\AUTH\889965252
801 0 _aRU
_bNLR
_gpsbo
801 1 _aRU
_bELAR
_2rusmarc
852 _aNLR
_j80-4/31585
942 _cBOOK
980 _aNB